Best NBA Player on Each Team - Statistics

General Stats
  • This quiz has been taken 27 times
  • The average score is 27 of 30
Answer Stats
Team Answer % Correct
Central Bulls DeMar DeRozan
100%
Cavaliers Donovan Mitchell
100%
Bucks Giannis Antetokounmpo
100%
Grizzlies Ja Morant
100%
Atlantic Celtics Jayson Tatum
100%
76ers Joel Embiid
100%
Clippers Kawhi Leonard
100%
Suns Kevin Durant
100%
Lakers LeBron James
100%
Southwest Mavericks Luka Doncic
100%
Northwest Nuggets Nikola Jokic
100%
Raptors Pascal Siakam
100%
Pacific Warriors Steph Curry
100%
Trail Blazers Damian Lillard
96%
Heat Jimmy Butler
96%
Hornets Lamelo Ball
96%
Pacers Tyrese Haliburton
96%
Pelicans Zion Williamson
96%
Timberwolves Anthony Edwards
88%
Wizards Bradley Beal
88%
Kings Domantas Sabonis
88%
Knicks Julius Randle
88%
Magic Paolo Banchero
88%
Southeast Hawks Trae Young
88%
Pistons Cade Cunningham
83%
Thunder Shai Gilgeous-Alexander
83%
Jazz Lauri Markkanen
79%
Spurs Keldon Johnson
67%
Nets Mikal Bridges
63%
Rockets Alperen Sengun
50%
No matching quizzes found
Score Distribution
Percent of People with Each Score
Percentile by Number Answered
Your Score History
You have not taken this quiz